000 01334nam a22003617a 4500
003 CHAP
005 20220329133810.0
008 971013s1986 mx a r 00010 spa d
010 _a11076
011 _a12048
035 _a13911
040 _cCHAP
082 0 4 _a323.3225
_bL46
100 0 0 _aLeón, Arturo.
_966213
245 1 0 _aEstado y organizaciones campesinas en el altiplano central
_c/por Arturo León y Cristina Steffen
260 _aMéxico, D.F. :
_bUNAM. Facultad de Economía,
_c1986
300 _a127 p. :
_bcuadro, diagrama, ilus.,
490 _aLas organizaciones de productores rurales en México
_v; 2
590 _aBATCH-UPD
_b10
_c20130110
_lUCH01
_h0257
590 _aBATCH-UPD
_b10
_c20130110
_lUCH01
_h1520
590 _aBATCH-UPD
_b10
_c20130409
_lUCH01
_h2328
590 _aBATCH-UPD
_b10
_c20130410
_lUCH01
_h1542
590 _aBATCH-UPD
_b10
_c20130913
_lUCH01
_h2138
590 _aCONVERSION
_b10
_c20130109
_lUCH01
_h1307
650 1 4 _aAgricultura cooperativa
_xPuebla.
_91985
650 1 4 _aAgricultura
_xSociedades
_xPuebla.
_91814
650 1 4 _aCampesinado
_xPuebla.
_918035
700 0 _aSteffen, Cristina.
_9109586
830 0 _aLas organizaciones de productores rurales en México
_v; 2
_965006
901 _aBK
942 _cLIBRO
949 _a323.3225 L46
_bBC
_cLIBRO
_d33724002132629
_eLIBRO
_h111554
_i13911
_sb
999 _c11076
_d11076